000 00447nam a2200181Ia 4500
008 230711s9999||||xx |||||||||||||| ||und||
020 _a978-1-84184-919-5
041 _aENG
082 _a615.19
_bMA-F
100 _aMantus,David S
245 0 _aFDA Regulatory Affairs
250 _a3rd Ed.
260 _c2014
_aNew York
_bCRC Press Taylor & Francis Group
300 _a387p.
650 _aPharmacy
700 _aPisano,Douglas J
942 _cBK
999 _c7058
_d7058